[Event "Brocco op"]
[Site "Brocco"]
[Date "1988.??.??"]
[Round "?"]
[White "Sokolov, Ivan"]
[Black "Dutreeuw, Marc"]
[Result "1-0"]
[WhiteElo "2545"]
[BlackElo "2395"]

1.d4 d5 2.c4 e6 3.Nc3 Be7 4.cxd5 exd5 5.Bf4 Nf6 6.e3 O-O 7.Nf3 Re8 8.Rc1 c6
9.Bd3 Nbd7 10.O-O Nf8 11.Ne5 Ne6 12.Bg3 g6 13.a3 Ng7 14.b4 a6 15.h3 Bf5 16.Be2 a5
17.b5 c5 18.dxc5 Bxc5 19.Nxd5 Bxa3 20.Bc4 Be6 21.Rc3 Bf8 22.Rd3 Nxd5 23.Bxd5 Qb6
24.Qf3 Bxd5 25.Rxd5 Qe6 26.Rd7 Nh5 27.Rxb7 Rab8 28.Rxb8 Rxb8 29.Nxg6 Nxg3
30.Nf4 Qe5 31.Qxg3+ Bg7 32.Rd1 Kh8 33.Rd5 Qa1+ 34.Kh2 Rg8 35.Rg5 h6 36.Rf5 a4
37.Rxf7 a3 38.Qg6 a2 39.Qf5 Qe5 40.Qc2 a1=Q 41.g3 Qxf4 42.Rxf4 Qa5 43.Qc6 Rb8
44.Re4 Kh7 45.Re8 Rxe8 46.Qxe8 Qb6 47.Kg2 Bb2 48.Qc6  1-0

[Event "JUG-ch"]
[Site "?"]
[Date "1988.??.??"]
[Round "?"]
[White "Sokolov, Ivan"]
[Black "Nikolic, Zivoslav"]
[Result "0-1"]
[WhiteElo "2545"]
[BlackElo "2440"]

1.d4 Nc6 2.e4 d5 3.Nc3 dxe4 4.d5 Ne5 5.Bf4 Ng6 6.Bg3 a6 7.Bc4 Nf6 8.Nge2 h5
9.h4 Bg4 10.Qd4 e5 11.dxe6 fxe6 12.Qe3 Bb4 13.O-O Bf5 14.Rad1 Qe7 15.Nd4 Ng4
16.Qe2 Bxc3 17.bxc3 N4e5 18.Rfe1 O-O-O 19.Bxa6 Qc5 20.Bxe5 Nxe5 21.Nxe6 Bxe6
22.Qxe4 Rxd1 23.Bxb7+ Kb8 24.Rxd1 Ng4 25.Rd4 Bf5 26.Qf3 Re8 27.Ba6 Re1+ 28.Bf1 Re4
29.Rd8+ Ka7 30.c4 c6 31.Qg3 Re5 32.Be2 g6 33.Bxg4 hxg4 34.Qb3 Re1+ 35.Kh2 Qe5+
36.g3 Rh1+  0-1

[Event "JUG-ch"]
[Site "?"]
[Date "1988.??.??"]
[Round "?"]
[White "Djuric, Stefan"]
[Black "Sokolov, Ivan"]
[Result "0-1"]
[WhiteElo "2475"]
[BlackElo "2545"]

1.d4 Nf6 2.c4 c5 3.d5 g6 4.Nc3 Bg7 5.e4 d6 6.Bd3 O-O 7.h3 a6 8.Nf3 b5 9.O-O bxc4
10.Bxc4 Nbd7 11.Re1 Rb8 12.Qc2 Ne8 13.Bg5 Nc7 14.Rab1 h6 15.Bf4 Nb6 16.Bf1 Nb5
17.Qd2 Kh7 18.e5 Bf5 19.Rbd1 Nxc3 20.bxc3 Na4 21.g4 Rb2 22.Qe3 Bd7 23.Rd2 Rb6
24.Rc2 Qb8 25.c4 Qc8 26.Qd2 f6 27.exd6 exd6 28.Re3 g5 29.Bg3 f5 30.Ra3 f4
31.Bh2 Kg8 32.Qd3 Nb2 33.Qg6 Qe8 34.Qxe8 Rxe8 35.Kg2 Re7 36.Rb3 Rxb3 37.axb3 Be8
38.h4 Bg6 39.Re2 Rxe2 40.Bxe2 Bf6 41.hxg5 hxg5 42.Ne1 Kf7 43.Bg1 Bc3 44.Kf1 Bb1  0-1

[Event "JUG-ch"]
[Site "?"]
[Date "1988.??.??"]
[Round "?"]
[White "Strikovic, Aleksa"]
[Black "Sokolov, Ivan"]
[Result "1/2-1/2"]
[WhiteElo "2450"]
[BlackElo "2545"]

1.e4 c5 2.c3 e6 3.d4 d5 4.exd5 exd5 5.Nf3 Nc6 6.Bb5 Bd6 7.dxc5 Bxc5 8.O-O Ne7
9.Nbd2 O-O 10.Nb3 Bb6 11.Re1 Bg4 12.Be3 Bc7 13.Bc5 Re8 14.Nbd4 Ng6 15.Rxe8+ Qxe8
16.Qa4 Nge5 17.Nxe5 Qxe5 18.g3 Nd8 19.Bf1 Ne6 20.Nxe6 Qxe6 21.Bg2 b6 22.Be3 h5
23.c4 Qf6 24.cxd5 Bd6 25.Bd4 Qe7 26.Bc3 Re8 27.h3 Bd7 28.Qd4 Qg5 29.h4 Qg6
30.Qd2 f5 31.Bb4 Be5 32.Bc3 Bd6 33.Qd3 Qg4 34.Bf3 Qg6 35.Kg2 Qf7 36.Re1 Rxe1
37.Bxe1 f4 38.Bc3 Bg4 39.Be4 fxg3 40.fxg3 Bc8 41.Bg6 Qd7 42.Kf2 Qg4 43.Be4 Bc5+
44.Ke1 Bd6 45.Kf2 Bc5+ 46.Ke1 Bd6 47.Kf2 Bc5+ 48.Kf1 Ba6 49.Qxa6 Qxe4 50.Qc8+ Kh7
51.Qe6  1/2-1/2

[Event "JUG-ch"]
[Site "?"]
[Date "1988.??.??"]
[Round "?"]
[White "Sokolov, Ivan"]
[Black "Podlesnik, Bogdan"]
[Result "1-0"]
[WhiteElo "2545"]
[BlackElo "2345"]

1.Nf3 c5 2.c4 Nf6 3.g3 d5 4.Bg2 Nc6 5.cxd5 Nxd5 6.Nc3 e6 7.Qa4 Bd7 8.Qb3 Ndb4
9.a3 c4 10.Qd1 Nd5 11.O-O Be7 12.b4 O-O 13.Bb2 Bf6 14.Qc2 Nxc3 15.dxc3 b5
16.a4 a6 17.Rad1 Qc7 18.Bc1 h6 19.Bf4 e5 20.Be3 Ne7 21.Nd2 Bc6 22.Ne4 Nd5
23.Rxd5  1-0

[Event "JUG-ch"]
[Site "?"]
[Date "1988.??.??"]
[Round "?"]
[White "Paunovic, Dragan"]
[Black "Sokolov, Ivan"]
[Result "1/2-1/2"]
[WhiteElo "2400"]
[BlackElo "2545"]

1.Nf3 Nf6 2.c4 g6 3.Nc3 d5 4.cxd5 Nxd5 5.e4 Nxc3 6.dxc3 Qxd1+ 7.Kxd1 f6 8.Be3 e5
9.Kc2 Nd7 10.Rd1 Nb6 11.Nd2 Be6 12.b3 Kf7 13.a4 Rd8 14.Bxb6 axb6 15.Bc4 h5
16.Bxe6+ Kxe6 17.Nc4 Bh6 18.Rxd8 Rxd8 19.Rd1 Rxd1 20.Kxd1 Kd7 21.Kc2 Kc6
22.Na3 Bf8 23.b4 Kd7 24.Nc4 Bh6 25.b5 Bf8 26.Kd3 Bc5 27.f3 Bg1 28.h3 h4 29.Nb2 Kd6
30.Kc4 Be3 31.Nd3 c6 32.Nb4 Kc7 33.Nc2 Bf2 34.Na1 Be3 35.Nb3 Bf2 36.Kb4 Be3
37.a5 Bf2 38.axb6+ Kxb6 39.bxc6 bxc6 40.Nc1 Bc5+ 41.Kc4 Be3 42.Nd3 Kc7 43.Nb2 Bg1
44.Kb4 Be3 45.Nd3  1/2-1/2

[Event "EU-chT"]
[Site "Haifa"]
[Date "1989.??.??"]
[Round "1"]
[White "Sokolov, Ivan"]
[Black "Yrjola, Jouni"]
[Result "1-0"]
[WhiteElo "2525"]
[BlackElo "2460"]

1.d4 d6 2.Nf3 f5 3.Nc3 Nf6 4.Bg5 Nbd7 5.e3 g6 6.Bd3 Bg7 7.h3 c6 8.g4 fxg4
9.hxg4 Nf8 10.Bxf6 Bxf6 11.Nd2 Bg7 12.f4 Qb6 13.Nc4 Qc7 14.Qf3 Be6 15.f5 gxf5
16.gxf5 Bxc4 17.Bxc4 O-O-O 18.O-O-O d5 19.Bb3 Bf6 20.Kb1 h6 21.Ne2 Bg5 22.c4 dxc4
23.Bxc4 Kb8 24.Nc3 Nd7 25.Be6 Nf6 26.Na4 Qa5 27.Nc5 Nd5 28.Rd3 Rd6 29.Rb3 Nb6
30.Qg3  1-0

[Event "EU-chT"]
[Site "Haifa"]
[Date "1989.??.??"]
[Round "3"]
[White "Sokolov, Ivan"]
[Black "Gheorghiu, Florin"]
[Result "1/2-1/2"]
[WhiteElo "2525"]
[BlackElo "2500"]

1.d4 Nf6 2.c4 c5 3.d5 d6 4.Nc3 g6 5.e4 Bg7 6.h3 O-O 7.Nf3 e6 8.Bd3 Na6 9.Bg5 h6
10.Be3 Nc7 11.Qd2 Kh7 12.e5 dxe5 13.Bxc5 Re8 14.d6 Na6 15.Be3 Nd7 16.h4 f5
17.h5 f4 18.Bxg6+  1/2-1/2

[Event "EU-chT"]
[Site "Haifa"]
[Date "1989.??.??"]
[Round "5"]
[White "Sokolov, Ivan"]
[Black "Georgiev, Kiril"]
[Result "1-0"]
[WhiteElo "2525"]
[BlackElo "2590"]

1.d4 Nf6 2.Nf3 e6 3.Bg5 h6 4.Bh4 c5 5.e3 b6 6.Nbd2 Be7 7.c3 Bb7 8.Bd3 Nc6
9.O-O cxd4 10.Bxf6 Bxf6 11.exd4 O-O 12.Ne4 Be7 13.Ng3 d5 14.Qe2 Bd6 15.Rae1 Rc8
16.Kh1 Bf4 17.Nh5 Bb8 18.Ne5 Nxe5 19.dxe5 d4 20.f4 Qh4 21.cxd4 Rfd8 22.Rd1 Rc7
23.Ng3 g5 24.Qe3 Rcd7 25.Bb1 f5 26.Bc2 Ba6 27.Rf2 Bc4 28.Bb3 Bxb3 29.axb3 b5
30.Ne2 a6 31.Rf3 Ba7 32.Qc3 g4 33.Rg3 Kf7 34.b4 Qe7 35.Rgd3 Rc7 36.Qd2 Rc4
37.d5 Kg6 38.dxe6 Rxd3 39.Qxd3 Qxe6 40.Qd8 Bb6 41.Qh4 Bc7 42.h3 gxh3 43.Qxh3 Re4
44.Qg3+ Kf7 45.Nc3 Rc4 46.Nd5 Qg6 47.Qh4 Bxe5 48.Qe7+ Kg8 49.Nf6+  1-0

[Event "Haninge"]
[Site "Haninge"]
[Date "1989.??.??"]
[Round "?"]
[White "Hellers, Ferdinand"]
[Black "Sokolov, Ivan"]
[Result "0-1"]
[WhiteElo "2565"]
[BlackElo "2580"]

1.e4 e5 2.Nf3 Nc6 3.Bb5 a6 4.Ba4 Nf6 5.O-O Be7 6.Re1 b5 7.Bb3 O-O 8.c3 d5
9.exd5 Nxd5 10.Nxe5 Nxe5 11.Rxe5 c6 12.d4 Bd6 13.Re1 Qh4 14.g3 Qh3 15.Be3 Bg4
16.Qd3 Rae8 17.Nd2 Re6 18.a4 Qh5 19.axb5 axb5 20.Bd1 Bxd1 21.Raxd1 f5 22.Nf1 f4
23.Bc1 Ref6 24.Qe4 Kh8 25.Qd3 h6 26.b3 b4 27.cxb4 fxg3 28.fxg3 Bxb4 29.Nd2 Rf2
30.h4 Nc3  0-1

[Event "Haninge"]
[Site "Haninge"]
[Date "1989.??.??"]
[Round "?"]
[White "Polugaevsky, Lev"]
[Black "Sokolov, Ivan"]
[Result "1-0"]
[WhiteElo "2575"]
[BlackElo "2580"]

1.d4 Nf6 2.Nf3 g6 3.g3 d5 4.Bg2 Bg7 5.O-O c6 6.Nbd2 O-O 7.b3 c5 8.c4 cxd4
9.Bb2 d3 10.exd3 Nc6 11.d4 Bf5 12.Ne5 dxc4 13.Ndxc4 Rc8 14.Nxc6 bxc6 15.Ne5 Nd5
16.Rc1 Nb4 17.Rc4 Qb6 18.a3 Nd5 19.Qf3 Rfd8 20.Rfc1 Bh6 21.Re1 Be6 22.h4 Rd6
23.Rc5 Nf6 24.Nxc6 Nd5 25.Na5 Qb8 26.b4 Nb6 27.Qb7 Rd7 28.Qxb8 Rxb8 29.Nc6 Re8
30.Ne5 Rd6 31.Rc7 a6 32.Ra7 Na4 33.Bc1 Bxc1 34.Rxc1 f6 35.Nc6 Bd7 36.Rxa6  1-0

[Event "Haninge"]
[Site "Haninge"]
[Date "1989.??.??"]
[Round "?"]
[White "Sokolov, Ivan"]
[Black "Ftacnik, Lubomir"]
[Result "1/2-1/2"]
[WhiteElo "2580"]
[BlackElo "2550"]

1.d4 Nf6 2.c4 g6 3.Nc3 d5 4.cxd5 Nxd5 5.e4 Nxc3 6.bxc3 c5 7.Bb5+ Bd7 8.Be2 Bg7
9.Nf3 cxd4 10.cxd4 Bc6 11.Qd3 f5 12.exf5 Qa5+ 13.Bd2 Qxf5 14.Qxf5 gxf5 15.Rc1 Bd5
16.Rc5 e6 17.Rc7 O-O 18.O-O Nc6 19.Rxb7 Rfb8 20.Ba6 Rxb7 21.Bxb7 Rb8  1/2-1/2

[Event "Haninge"]
[Site "Haninge"]
[Date "1989.??.??"]
[Round "?"]
[White "Sokolov, Ivan"]
[Black "Smyslov, Vassily"]
[Result "1/2-1/2"]
[WhiteElo "2580"]
[BlackElo "2560"]

1.d4 d5 2.c4 c6 3.Nc3 Nf6 4.e3 g6 5.Nf3 Bg7 6.Bd3 O-O 7.O-O Bg4 8.h3 Bxf3
9.Qxf3 Qd6 10.Rd1 Nbd7 11.Bf1 e5 12.cxd5 cxd5 13.dxe5 Nxe5 14.Qf4 Qe6 15.Bd2 a6
16.Be1 Rfd8 17.Rac1 Rac8 18.Qb4 b5 19.a4 Bf8 20.Qb3 bxa4 21.Qxa4 Rb8 22.Qa2 Rd6
23.Ne2 Bh6 24.Nd4 Qe8 25.Qa3  1/2-1/2

[Event "San Bernardino op"]
[Site "San Bernardino"]
[Date "1989.??.??"]
[Round "4"]
[White "Costa, Jean Luc"]
[Black "Sokolov, Ivan"]
[Result "1-0"]
[WhiteElo "2360"]
[BlackElo "2580"]

1.d4 Nf6 2.c3 b6 3.Bg5 Bb7 4.Nd2 e6 5.Ngf3 Be7 6.e3 h6 7.Bh4 g5 8.Bg3 d6
9.Bd3 g4 10.Nh4 Rg8 11.h3 h5 12.Qe2 d5 13.hxg4 hxg4 14.e4 Nc6 15.O-O-O Qd7
16.e5 Nh5 17.Nf5 Nxg3 18.Nxg3 O-O-O 19.Rh7 Rdf8 20.Ndf1 Na5 21.Ne3 c5 22.Kb1 Rh8
23.Rxh8 Rxh8 24.Qxg4 c4 25.Bc2 b5 26.a3 Nc6 27.Rh1 Rxh1+ 28.Nxh1 Nd8 29.Ng3 a5
30.f4 b4 31.axb4 axb4 32.Kc1 Bc6 33.Kd2 Qa7 34.Qd1 Bb5 35.Ne2 Nc6 36.Ke1 Bd8
37.Kf2 Bb6 38.g3 Qa2 39.Qb1 Qa7 40.Qh1 Nd8 41.f5 Qa2 42.fxe6 fxe6 43.Qb1 Qa7
44.Bh7 Be8 45.Bg8 Bd7 46.Qg6 Bc7 47.Nxd5 bxc3 48.Ne7+ Kb8 49.bxc3 Bxe5 50.Qg5 Bc7
51.Ng6 Nc6 52.Nf8 Bd6 53.Nxd7+ Qxd7 54.Qb5+ Ka7 55.Qxc4 Nd8 56.Qa2+ Kb8 57.Qb1+ Kc8
58.Bh7 Nf7 59.Be4 Ng5 60.Qd3 Qf7+ 61.Kg2 Qh5 62.Bc6 Qh3+ 63.Kf2 Qh2+ 64.Kf1  1-0

[Event "San Bernardino op"]
[Site "San Bernardino"]
[Date "1989.??.??"]
[Round "5"]
[White "Sokolov, Ivan"]
[Black "Krause, Christian"]
[Result "1-0"]
[WhiteElo "2580"]
[BlackElo "2235"]

1.d4 Nf6 2.c4 g6 3.Nc3 Bg7 4.e4 d6 5.Be2 O-O 6.Nf3 Bg4 7.O-O Nfd7 8.Be3 Nc6
9.d5 Bxf3 10.Bxf3 Na5 11.Be2 b6 12.Rc1 e5 13.dxe6 fxe6 14.f4 Kh8 15.b3 Nb7
16.Bd3 c6 17.Bb1 Qe7 18.Qd2 Rad8 19.Rcd1 Nf6 20.Kh1 Ng4 21.Bg1 Bh6 22.Qe2 Nf6
23.e5 Nh5 24.exd6 Nxd6 25.f5 Nxf5 26.Bxf5 Rxd1 27.Nxd1 Ng3+ 28.hxg3 gxf5
29.Bd4+  1-0

[Event "San Bernardino op"]
[Site "San Bernardino"]
[Date "1989.??.??"]
[Round "7"]
[White "Sokolov, Ivan"]
[Black "Dutreeuw, Marc"]
[Result "1-0"]
[WhiteElo "2580"]
[BlackElo "2400"]

1.d4 d5 2.c4 e6 3.Nc3 Be7 4.Nf3 Nf6 5.Bg5 h6 6.Bh4 O-O 7.e3 b6 8.Bd3 Bb7
9.Bxf6 Bxf6 10.cxd5 exd5 11.O-O Nd7 12.Rc1 c5 13.Bf5 Rc8 14.Ne5 Bxe5 15.dxe5 Ra8
16.f4 Nb8 17.Bb1 Na6 18.Nb5 Qe7 19.Nd6 Rad8 20.Nf5 Qe6 21.Qg4 g6 22.Nxh6+ Kh7
23.Qh4 Rh8 24.f5  1-0

[Event "San Bernardino op"]
[Site "San Bernardino"]
[Date "1989.??.??"]
[Round "9"]
[White "Sokolov, Ivan"]
[Black "Hodgson, Julian M"]
[Result "1/2-1/2"]
[WhiteElo "2580"]
[BlackElo "2545"]

1.d4 Nf6 2.c4 e6 3.Nf3 b6 4.g3 Bb7 5.Bg2 Be7 6.O-O O-O 7.Nc3 Ne4 8.Nxe4 Bxe4
9.Ne1 Bxg2 10.Nxg2 d5 11.Qa4 dxc4 12.Qxc4 c5 13.dxc5 Bxc5  1/2-1/2

[Event "Balkaniad"]
[Site "Kavala"]
[Date "1990.??.??"]
[Round "2"]
[White "Sokolov, Ivan"]
[Black "Gheorghiu, Florin"]
[Result "1-0"]
[WhiteElo "2550"]
[BlackElo "2500"]

1.d4 Nf6 2.c4 d6 3.Nc3 e5 4.Nf3 e4 5.Nd2 Qe7 6.e3 g6 7.Be2 h5 8.O-O Bh6 9.f3 Bxe3+
10.Kh1 O-O 11.Ndxe4 Bxc1 12.Qxc1 Nc6 13.Qd2 Nh7 14.Nd5 Qd8 15.f4 f5 16.Ng5 Ne7
17.Bf3 c6 18.Nxe7+ Qxe7 19.Rae1 Qg7 20.d5 Nxg5 21.fxg5 c5 22.Re2 Rf7 23.b4 b6
24.Re6 Rd7 25.bxc5 bxc5 26.Qf4 Ba6 27.Rfe1 Rad8 28.Rf6 Kh7 29.Bxh5 gxh5 30.Qxf5+ Kh8
31.Rh6+ Kg8 32.Rg6 Bxc4 33.Qe6+ Rf7 34.Rxg7+ Kxg7 35.g6 Rb7 36.h3 Bd3 37.Re3 c4
38.Rf3 Rf8 39.Rxf8 Kxf8 40.Qc8+  1-0

[Event "Maribor"]
[Site "Maribor"]
[Date "1990.??.??"]
[Round "2"]
[White "Vombek, Dani"]
[Black "Sokolov, Ivan"]
[Result "0-1"]
[WhiteElo "2315"]
[BlackElo "2550"]

1.e4 c5 2.Nc3 Nc6 3.f4 e6 4.Nf3 a6 5.g3 d5 6.Bg2 d4 7.Ne2 Bd6 8.d3 e5 9.O-O Nge7
10.f5 f6 11.g4 Bd7 12.Ng3 Ng8 13.g5 Qe7 14.Rf2 O-O-O 15.c4 Kb8 16.a3 Qf8
17.Bd2 Nge7 18.Rb1 Nc8 19.Qe1 Nb6 20.Bf1 Rc8 21.Be2 Qe7 22.Bd1 Ka8 23.b4 Na7
24.Kh1 Na4 25.gxf6 gxf6 26.Rg2 Be8 27.Nh4 Rg8 28.Nh5 Rxg2 29.Nxg2 b5 30.Bxa4 Bxh5
31.Bb3 Bf7 32.cxb5 Bxb3 33.Rxb3 axb5 34.bxc5 Bxc5 35.Bb4 Bxb4 36.axb4 Rc2
37.Qd1 Qc7 38.Ne1 Rf2 39.Kg1 Ra2 40.Kh1 Qg7 41.Nc2 Qc7 42.Ne1 Kb7 43.Qb1 Rd2
44.Qa1 Qg7 45.Ra3 Kb8 46.Ra6 Rf2  0-1

[Event "Maribor"]
[Site "Maribor"]
[Date "1990.??.??"]
[Round "3"]
[White "Sokolov, Ivan"]
[Black "Lukov, Valentin"]
[Result "1/2-1/2"]
[WhiteElo "2550"]
[BlackElo "2440"]

1.d4 e6 2.c4 f5 3.Nc3 d5 4.Bf4 Nf6 5.e3 Bd6 6.Nf3 c6 7.Bd3 O-O 8.O-O Ne4
9.Bxe4 fxe4 10.Ne5 Qe7 11.c5 Bc7 12.f3 exf3 13.Rxf3 b6 14.Na4 Ba6 15.Rc1 b5
16.Nc3 b4 17.Nb1 Bxe5 18.Bxe5 Rxf3 19.Qxf3 Nd7 20.Bd6 Qf6 21.Nd2 Bd3 22.Ra1 e5
23.Qxf6 gxf6 24.a3 exd4 25.exd4 Re8 26.axb4 a6 27.Nf3 Nf8 28.Rd1 Bb5 29.Bxf8 Kxf8
30.Re1 Rb8 31.Re3 Bc4 32.b3 Bb5 33.Kf2 Re8 34.Nh4 Rxe3 35.Kxe3 Bf1 36.g3 Kf7
37.Nf5 Ke6 38.Nd6 Ke7 39.Kd2 Ke6 40.Kc3 Be2 41.Kd2 Bf1 42.Ke3 Ke7 43.Kf4 Bd3
44.b5 Bxb5 45.Nxb5 cxb5 46.b4 Kd7 47.g4 Kc7 48.h4 Kb8 49.g5 fxg5+ 50.hxg5 Kc7
51.Ke5 a5 52.bxa5 b4 53.a6 b3 54.a7 Kb7 55.Kd6 b2 56.c6+ Kxa7 57.c7 b1=Q
58.c8=Q Qg6+ 59.Qe6 Qxg5 60.Qd7+ Kb6 61.Qxh7 Qf6+ 62.Kxd5 Qg5+ 63.Ke4 Qg4+
64.Ke5 Qg3+  1/2-1/2

[Event "Maribor"]
[Site "Maribor"]
[Date "1990.??.??"]
[Round "5"]
[White "Sokolov, Ivan"]
[Black "Gostisa, Leon"]
[Result "1/2-1/2"]
[WhiteElo "2550"]
[BlackElo "2420"]

1.d4 Nf6 2.c4 e6 3.Nc3 Bb4 4.Qc2 O-O 5.a3 Bxc3+ 6.Qxc3 b6 7.Bg5 h6 8.Bh4 Ba6
9.Nf3 d5 10.cxd5 exd5 11.Ne5 Qd6 12.Bxf6 Qxf6 13.g3 c5 14.Qf3 Qxf3 15.Nxf3 Nc6
16.dxc5 bxc5 17.e3 Bb7 18.Bg2 d4 19.O-O dxe3 20.fxe3 Rfe8 21.Rac1 Rxe3 22.Rxc5 Nd8
23.Nd4 Bxg2 24.Kxg2 Re7 25.b4 Rd7 26.Rc4 Nb7 27.Nc6 Nd8 28.Nd4 Nb7 29.Rfc1 Rad8
30.Nf3 Nd6 31.Rd4 Nf5 32.Rxd7 Rxd7 33.a4 g5 34.Ne5 Re7 35.Rc5 Nd4 36.b5 Kg7
37.Rd5 Nc2 38.Kf3 Nb4 39.Rc5 Kf6 40.Ng4+ Kg7 41.Ne3 Nd3 42.Rd5 Ne5+ 43.Kf2 Kg6
44.Rd6+ f6 45.a5 Rb7 46.b6 axb6 47.axb6 Nf7 48.Re6 Nd8 49.Rd6 Nf7 50.Rc6 Ne5
51.Rd6  1/2-1/2

[Event "Maribor"]
[Site "Maribor"]
[Date "1990.??.??"]
[Round "6"]
[White "Sokolov, Ivan"]
[Black "Mohr, Georg"]
[Result "1/2-1/2"]
[WhiteElo "2550"]
[BlackElo "2460"]

1.d4 Nf6 2.Nf3 g6 3.c4 Bg7 4.Nc3 O-O 5.e4 d6 6.Be2 Bg4 7.O-O Nfd7 8.Be3 c5
9.d5 Nb6 10.Nd2 Bxe2 11.Qxe2 e6 12.Rad1 exd5 13.cxd5 N8d7 14.Nf3 a6 15.Bf4 Qc7
16.h4 h6 17.Rfe1 Rae8 18.Qf1 Nc8 19.a4 Kh7 20.Rd3 c4 21.Rde3 Ne5 22.Bxe5 dxe5
23.h5 Nd6 24.Nh4 Bf6 25.hxg6+ fxg6 26.Rh3 Bxh4 27.Rxh4 Qe7 28.Rh3  1/2-1/2

[Event "Maribor"]
[Site "Maribor"]
[Date "1990.??.??"]
[Round "9"]
[White "Radulov, Ivan"]
[Black "Sokolov, Ivan"]
[Result "1/2-1/2"]
[WhiteElo "2400"]
[BlackElo "2550"]

1.Nf3 Nf6 2.g3 g6 3.Bg2 Bg7 4.O-O O-O 5.c4 d6 6.d4 c6 7.Nc3 Bf5 8.b3 Ne4
9.Bb2 Nxc3 10.Bxc3 Be4 11.Ne1  1/2-1/2

[Event "Maribor"]
[Site "Maribor"]
[Date "1990.??.??"]
[Round "10"]
[White "Sokolov, Ivan"]
[Black "Timoshchenko, Gennadi A"]
[Result "1-0"]
[WhiteElo "2550"]
[BlackElo "2495"]

1.d4 d5 2.c4 e6 3.Nc3 Be7 4.Nf3 Nf6 5.Bg5 O-O 6.e3 h6 7.Bh4 Ne4 8.Bxe7 Qxe7
9.Rc1 Nxc3 10.Rxc3 c6 11.Bd3 dxc4 12.Bxc4 Nd7 13.O-O Rd8 14.Bd3 c5 15.Qc2 cxd4
16.Nxd4 Nf6 17.Rc7 Qd6 18.Rd1 Nd5 19.Bh7+ Kf8 20.Nb5 Qb4 21.Nc3 Bd7 22.Nxd5 exd5
23.h4 Rac8 24.Rxd5 Be6 25.Rxd8+ Rxd8 26.a3 Qb6 27.Be4 Bb3 28.Qc3 Rd1+ 29.Kh2 Qd6+
30.f4 Bd5 31.Bxd5 Qxd5 32.Rc8+ Ke7 33.Qxg7 Qh5 34.Qf8+ Kf6 35.Qh8+ Ke7 36.Rc7+ Ke6
37.Qe8+ Kf6 38.Qe7+ Kg7 39.Rxb7  1-0

[Event "Maribor"]
[Site "Maribor"]
[Date "1990.??.??"]
[Round "11"]
[White "Zupe, Miran"]
[Black "Sokolov, Ivan"]
[Result "1/2-1/2"]
[WhiteElo "2315"]
[BlackElo "2550"]

1.e4 c5 2.Nf3 d6 3.d4 cxd4 4.Qxd4 a6 5.c4 Bg4 6.Be2 Nc6 7.Qd2 Nf6 8.Nc3 g6
9.b3 Bg7 10.Bb2 O-O 11.O-O Qa5 12.Rfd1 Rac8 13.a3 Bxf3 14.Bxf3 Qb6 15.Nd5 Nxd5
16.exd5 Ne5 17.Bxe5 Bxe5 18.Rab1  1/2-1/2

[Event "Novi Sad ol (Men)"]
[Site "Novi Sad"]
[Date "1990.??.??"]
[Round "2"]
[White "Sokolov, Ivan"]
[Black "Cheah, Eric"]
[Result "1/2-1/2"]
[WhiteElo "2550"]
[BlackElo "2270"]

1.d4 Nf6 2.c4 g6 3.Nc3 Bg7 4.e4 d6 5.f3 O-O 6.Nge2 Nbd7 7.Bg5 c5 8.d5 a6
9.Ng3 Rb8 10.a4 h6 11.Be3 Ne5 12.Be2 h5 13.O-O Qb6 14.a5 Qc7 15.h3 b6 16.f4 Ned7
17.axb6 Qxb6 18.Rb1 Qb3 19.Qd3 Rb4 20.Rfc1 Nb6 21.e5 Ne8 22.f5 Qxc4  1/2-1/2

[Event "Novi Sad ol (Men)"]
[Site "Novi Sad"]
[Date "1990.??.??"]
[Round "5"]
[White "Cvitan, Ognjen"]
[Black "Sokolov, Ivan"]
[Result "1/2-1/2"]
[WhiteElo "2515"]
[BlackElo "2550"]

1.d4 Nf6 2.Nf3 g6 3.c4 Bg7 4.g3 O-O 5.Bg2 c6 6.O-O d5 7.cxd5 cxd5 8.Nc3 e6
9.Ne5 Nfd7 10.f4 Nc6 11.b3 Qa5 12.Bb2 Ndxe5 13.dxe5 Rd8 14.Na4 Bd7 15.Bc3 Qa6
16.Be1 b6 17.g4 g5 18.e3 Rac8 19.h4 d4 20.exd4 gxf4 21.Rxf4 Nxe5 22.dxe5 Bxa4
23.Rd4 Rxd4 24.Qxd4 Be8 25.Bg3 Qe2 26.Bb7 Bf8 27.Qf4 Bc5+ 28.Kh1 Be3 29.Qf3 Qxf3+
30.Bxf3 Bc6 31.Kg2 Bxf3+ 32.Kxf3 Rc3 33.Ke4 Bc5 34.Bf4 Be7 35.h5 Kf8 36.Rc1 Rxc1
37.Bxc1 Ke8 38.a4 Kd7 39.Bd2 Kc6 40.Kd4 a6 41.b4  1/2-1/2

[Event "Novi Sad ol (Men)"]
[Site "Novi Sad"]
[Date "1990.??.??"]
[Round "13"]
[White "Ftacnik, Lubomir"]
[Black "Sokolov, Ivan"]
[Result "1-0"]
[WhiteElo "2550"]
[BlackElo "2550"]

1.d4 Nf6 2.c4 g6 3.Nc3 d5 4.Bg5 Ne4 5.Bh4 Nxc3 6.bxc3 dxc4 7.e3 Be6 8.Nf3 Bg7
9.Qb1 b6 10.Ng5 Bd5 11.e4 Bb7 12.Bxc4 O-O 13.O-O Nc6 14.Qb3 Qe8 15.Bb5 a6
16.Bd3 e5 17.d5 Na5 18.Qb4 h6 19.Nf3 f5 20.Be7 Rf7 21.Bc5 Rd8 22.Be3 Bc8
23.Rad1 f4 24.Bd2 Bf8 25.Qb2 Bd6 26.c4 Nb7 27.Bc3 Re7 28.Ne1 g5 29.f3 Nc5
30.Bc2 g4 31.fxg4 Bxg4 32.Nf3 Qh5 33.Kh1 Rf8 34.Rd2 a5 35.Qb1 Rf6 36.Bd1 Rg6
37.Re1 Reg7 38.Qa1 Re7 39.Qb1 Nd7 40.Qa1 Bc5 41.Qb2 Be3 42.Rd3 Reg7 43.Rdxe3 fxe3
44.Qc2 Nf6 45.Rxe3 Bh3 46.g3 Ng4 47.Nxe5 Qxe5 48.Bxe5 Nxe3 49.Qb3 Re7 50.Qxe3 Rxe5
51.Qf4 Rgg5 52.Bf3 Bf1 53.h4  1-0

[Event "Vrnjacka Banja"]
[Site "Vrnjacka Banja"]
[Date "1990.??.??"]
[Round "1"]
[White "Pavlovic, Milos"]
[Black "Sokolov, Ivan"]
[Result "1/2-1/2"]
[WhiteElo "2420"]
[BlackElo "2550"]

1.c4 e5 2.Nc3 Nc6 3.g3 f5 4.Bg2 Nf6 5.e3 g6 6.Nge2 Bg7 7.d4 e4 8.Nf4 O-O
9.f3 exf3 10.Qxf3 g5 11.Nh5 g4 12.Nxf6+ Qxf6 13.Qf4 Nb4 14.O-O c6 15.Bd2 Nd3
16.Qc7 Nxb2 17.Ne4 Qd8 18.Qxd8 Rxd8 19.Nd6 Bf8 20.Rab1 Bxd6 21.Rxb2 Rf8 22.Bc3 Be7
23.d5 c5 24.d6 Bf6 25.Bxf6 Rxf6  1/2-1/2

[Event "Vrnjacka Banja"]
[Site "Vrnjacka Banja"]
[Date "1990.??.??"]
[Round "5"]
[White "Cvetkovic, Srdjan"]
[Black "Sokolov, Ivan"]
[Result "0-1"]
[WhiteElo "2435"]
[BlackElo "2550"]

1.c4 Nf6 2.Nc3 g6 3.e4 d6 4.d4 Bg7 5.Nf3 O-O 6.h3 e5 7.dxe5 dxe5 8.Qxd8 Rxd8
9.Nd5 Rd7 10.Nxf6+ Bxf6 11.c5 Na6 12.Bxa6 bxa6 13.Be3 Bb7 14.Nd2 Rad8 15.Ke2 Bc6
16.Rhd1 Bb5+ 17.Ke1 c6 18.b3 Bd3 19.g3 Be7 20.Nc4 Bxe4 21.Nxe5 Rd5 22.f4 f6
23.Nc4 Bg2 24.h4 Bf3 25.Rxd5 Rxd5 26.Nd2 Bg4 27.Rc1 Kf7 28.Rc4 Rd3 29.Kf2 Ke6
30.Re4+ Kd7 31.Rd4+ Rxd4 32.Bxd4 Ke6 33.Ne4 Bf5 34.Nc3 Bc2 35.g4 h5 36.f5+ Kf7
37.fxg6+ Kxg6 38.Kg3 Bd3 39.Bf2 Bd8 40.gxh5+ Kxh5 41.Kf4 Bc7+ 42.Ke3 Bf5
43.Ne4 Bxe4 44.Kxe4 Kg4 45.Be1 f5+ 46.Kd4 Bh2 47.b4 f4 48.a4 Bg3 49.Bd2 f3
50.Be3 Kxh4 51.Kc4 f2 52.Bxf2 Bxf2 53.b5 cxb5+ 54.axb5 a5  0-1

[Event "Vrnjacka Banja"]
[Site "Vrnjacka Banja"]
[Date "1990.??.??"]
[Round "6"]
[White "Sokolov, Ivan"]
[Black "Vujadinovic, Goran"]
[Result "1-0"]
[WhiteElo "2550"]
[BlackElo "2370"]

1.d4 d6 2.e4 g6 3.c4 Bg7 4.Nc3 e5 5.Nf3 Bg4 6.d5 Ne7 7.Be2 O-O 8.Be3 Bxf3
9.Bxf3 Nd7 10.Be2 f5 11.f3 a5 12.O-O Kh8 13.a3 Ng8 14.b4 b6 15.Qd2 f4 16.Bf2 g5
17.Na4 Qe8 18.c5 bxc5 19.bxc5 Ndf6 20.Nc3 Qg6 21.Kh1 g4 22.Bh4 Rf7 23.cxd6 cxd6
24.Qd3 Bf8 25.Rac1 Rg7 26.Nb5 Qh6 27.Bxf6 Nxf6 28.Nc7 Rb8 29.fxg4 Nxg4 30.Bxg4 Rxg4
31.Kg1 Rb2 32.Rc2 Rxc2 33.Qxc2 Qg6 34.Ne6 Be7 35.Kh1 h5 36.Rb1 f3 37.gxf3 Rh4
38.Qg2  1-0

[Event "Vrnjacka Banja"]
[Site "Vrnjacka Banja"]
[Date "1990.??.??"]
[Round "9"]
[White "Moutousis, Konstantinos"]
[Black "Sokolov, Ivan"]
[Result "0-1"]
[WhiteElo "2390"]
[BlackElo "2550"]

1.e4 e5 2.Nf3 Nc6 3.Bb5 a6 4.Ba4 Nf6 5.O-O Be7 6.Re1 b5 7.Bb3 O-O 8.c3 d5
9.exd5 Nxd5 10.Nxe5 Nxe5 11.Rxe5 c6 12.Re1 Bd6 13.g3 Qd7 14.d3 Bb7 15.Nd2 c5
16.Ne4 Be7 17.Bg5 Bxg5 18.Nxg5 Rac8 19.Nf3 Nf4 20.Re3 Rce8 21.gxf4 Qg4+ 22.Kf1 Rxe3
23.fxe3 Bxf3 24.Qd2 Rd8 25.Bc2 Rd6 26.Qf2 Qh3+ 27.Ke1 Rg6 28.Bd1 Bxd1  0-1

[Event "Vrnjacka Banja"]
[Site "Vrnjacka Banja"]
[Date "1990.??.??"]
[Round "15"]
[White "Marinkovic, Ivan"]
[Black "Sokolov, Ivan"]
[Result "0-1"]
[WhiteElo "2470"]
[BlackElo "2550"]

1.e4 e5 2.Nc3 Bc5 3.g3 Nc6 4.Bg2 a6 5.d3 d6 6.Nf3 Nge7 7.Be3 Ng6 8.Nd5 O-O
9.O-O Nce7 10.Nxe7+ Qxe7 11.d4 Bb6 12.Re1 Bg4 13.h3 Bd7 14.c4 Rfd8 15.Qc2 c5
16.d5 Ba5 17.Rf1 b5 18.b3 Rdb8 19.h4 h6 20.Ne1 Bxe1 21.Rfxe1 b4 22.a4 Rf8
23.Kf1 f5 24.exf5 Bxf5 25.Be4 Qd7 26.Bxf5 Rxf5 27.Ke2 Raf8 28.h5 Ne7 29.g4 Rf4
30.Bxf4 Qxg4+ 31.f3 Qxf4 32.Qd3 Nf5 33.Kd1 Nd4 34.Re3 Nxf3 35.Ra2 Qg4 36.Qg6 Ng5+
37.Rae2 Rf6 38.Qe8+ Kh7 39.Kc2 Nf7 40.Qa8 Rf1 41.Qxa6 Qg1 42.Re4 Rc1+ 43.Kd2 Ng5  0-1

[Event "JUG-Cup qual"]
[Site "Arandjelovac"]
[Date "1991.??.??"]
[Round "2"]
[White "Sokolov, Ivan"]
[Black "Arsovic, Goran"]
[Result "1-0"]
[WhiteElo "2570"]
[BlackElo "2340"]

1.d4 Nf6 2.c4 g6 3.Nc3 Bg7 4.e4 d6 5.f3 O-O 6.Nge2 c5 7.Be3 Nbd7 8.Qd2 a6
9.Rd1 b6 10.a4 cxd4 11.Nxd4 Bb7 12.Be2 Re8 13.O-O Rc8 14.Nc2 Nc5 15.Qe1 Qc7
16.Qf2 Bc6 17.Ra1 e6 18.Rfd1 Ncd7 19.Rd2 h6 20.Rad1 Bf8 21.Bf1 Ba8 22.Kh1 Qb8
23.Qh4 g5 24.Qf2 Ne5 25.Bd4 Nfd7 26.b3 Ng6 27.Be3 Nc5 28.Nd4 Bg7 29.Rc2 Be5
30.g3 g4 31.b4 Nd7 32.Bxh6 Nf6 33.f4 Nxe4 34.Nxe4 Bxe4+ 35.Bg2 Bxc2 36.fxe5 Kh7
37.Bg5 Bf5 38.Nxf5 exf5 39.exd6 Rxc4 40.Qxf5 Kg8 41.d7  1-0